000 00396nam a2200181Ia 4500
001 15509
005 20260306170201.0
008 260306t2006||||xx |||||||||||||| ||und||
041 _aESP
082 _a541.369
_bC46 2006
100 _aÇengel, Yunus A.
_eAUT
245 0 _aTermodinámica
260 _c2006
300 _a
_c
650 _aGEN
654 _aCCN
942 _cLIB
_dJUS
_fJUS
_2ddc
_n
999 _c15509
_d15509